Mapa de Regiones de Italia - Estadísticas

Estadísticas generales
  • Esta prueba ha sido intentada 6.982 veces
  • La puntuación promedio es 10 de 20
Respuestas en el mapa
Las respuestas están codificadas por una escala verde-roja en el mapa de la prueba según el % correcto abajo.
 
Estadísticas de respuestas
Respuesta % Correcto
Sicilia
93%
Cerdeña
90%
Lacio
66%
Toscana
66%
Lombardía
58%
Piamonte
56%
Calabria
55%
Friuli-Venecia Julia
53%
Trentino-Tirol del Sur
53%
Emilia-Romaña
52%
Veneto
50%
Liguria
46%
Valle de Aosta
45%
Campania
42%
Apulia
40%
Basilicata
34%
Umbría
33%
Marcas
30%
Molise
29%
Abruzos
28%
No se encontraron pruebas coincidentes
Distribución de puntuación
Porcentaje de gente con cada puntuación
Porcentaje por número respondido
Historial de tus puntuaciones
No has intentado esta prueba.